Grants and granting

Elmentve itt :
Bibliográfiai részletek
Szerző: Szent-Györgyi Albert
Dokumentumtípus: Cikk
Megjelent: 1976-07
Sorozat:Trends in Biochemical Sciences : TIBS 1 No. 7
Kulcsszavak:Kutatástámogatás
Online Access:http://misc.bibl.u-szeged.hu/73638
LEADER 00646nab a2200181 i 4500
001 misc73638
005 20241018150103.0
008 240222s1976 hu o 000 eng d
040 |a SZTE Miscellanea Repozitórium  |b hun 
041 |a eng 
100 2 |a Szent-Györgyi Albert 
245 1 0 |a Grants and granting  |h [elektronikus dokumentum] /  |c  Szent-Györgyi Albert 
260 |c 1976-07 
300 |a N148-N149 
490 0 |a Trends in Biochemical Sciences : TIBS  |v 1 No. 7 
561 |a Szent-Györgyi Albert tudományos és egyéb írásai 
695 |a Kutatástámogatás 
856 4 0 |u http://misc.bibl.u-szeged.hu/73638/1/szgya_amerikai_284.pdf  |z Dokumentum-elérés